Statistics for Axis of Evil countries

Click here to take the quiz!

General Stats

  • This quiz has been taken 252 times
  • The average score is 6 of 9

Answer Stats

Answer% Correct
Iran
98%
Iraq
98%
North Korea
92%
Syria
85%
Libya
64%
Cuba
58%
Belarus
28%
Myanmar
25%
Zimbabwe
15%

Score Distribution

Percentile by Number Answered

Percent of People with Each Score

Your Score History

You have not taken this quiz